000 00744nam a22002897a 4500
001 00266
003 DO-SdBNP
005 20180201092806.0
007 00266
008 151207b 1996 sp 0| 0 spa d
020 _a
040 _aBPMSU
_bspa
_cBPMSU
041 _aspa
_h
092 _axxxxx
_bxxxxx
100 1 _aStine, R. L.,
_d1943-
240 1 0 _a
245 _ala sonrisa de la muerte /
_cR.L. Stine ; traducción Concha Pérez
260 _aBarcelona :
_bPrimera Plana,
_c1996
300 _a143 p. ;
_c19 cm.
490 1 _aPesadillas
_v6
700 1 2 _a Pérez, Concha
_dtr.
830 0 _aPesadillas
_v6
910 _a00260
942 _2ddc
_cBK
945 _aInventariado, 2018/ YL
956 _aVMATEO
_b10
_c20160818
_dBPMSU
_f00069
999 _c10932
_d10932